| 000 | 00445nam a2200145Ia 4500 | ||
|---|---|---|---|
| 003 | OSt | ||
| 005 | 20260121104019.0 | ||
| 008 | 211028s2014 xx 000 0 und d | ||
| 040 | _cAIMIT LIBRARY | ||
| 041 | _aeng | ||
| 100 |
_aD SA, Sheldon; Monis, Elroy. _g1216128 _97239 |
||
| 245 | _aChallenges in HR practises: a case study with reference to United spirits limited Bangalore / | ||
| 260 |
_aMangalore _bElroy Monis _c2014 |
||
| 942 |
_2ddc _cPRO |
||
| 999 |
_c218809 _d218809 |
||